La política televisada: análisis de los spots publicitarios en la campaña electoral 2010 = Televised politics: analysis of political advertising in the 2010 election /
El presente artículo analiza los spots publicitarios pautados por los partidos Unidad Social Cristiana (PUSC), Acción Ciudadana (PAC), Liberación Nacional (PLN) y Movimiento Libertario (ML), durante la campaña política de las elecciones nacionales del 2010. El estudio, en general, expone cómo los pa...
Saved in:
| Main Author: | |
|---|---|
| Other Authors: | |
| Format: | Text |
| Subjects: | |
| Tags: |
Add Tag
No Tags, Be the first to tag this record!
|
MARC
| LEADER | 00000 a a2200000 04500 | ||
|---|---|---|---|
| 001 | 44216 | ||
| 003 | |||
| 040 | |||
| 100 | |a Sáenz Bonilla, Juan Pablo | ||
| 245 | |a La política televisada: análisis de los spots publicitarios en la campaña electoral 2010 = |b Televised politics: analysis of political advertising in the 2010 election / |c Juan Pablo Sáenz Bonilla, Oscar Mario Jiménez Alvarado | ||
| 500 | |a juanpasb7@hotmail.com | ||
| 520 | |a El presente artículo analiza los spots publicitarios pautados por los partidos Unidad Social Cristiana (PUSC), Acción Ciudadana (PAC), Liberación Nacional (PLN) y Movimiento Libertario (ML), durante la campaña política de las elecciones nacionales del 2010. El estudio, en general, expone cómo los partidos políticos presentaron a la mujer, a la juventud, a la política y a la clase política. | ||
| 590 | |a RRH/ENERO2013 | ||
| 650 | |a 1.PARTIDOS POLITICOS | ||
| 650 | |a 2.ELECCIONES | ||
| 650 | |a 3.PROPAGANDA | ||
| 650 | |a 4.MEDIOS DE COMUNICACION | ||
| 650 | |a 5.PUBLICIDAD | ||
| 650 | |a 6.COSTA RICA | ||
| 700 | |a Jiménez Alvarado, Oscar Mario | ||
| 740 | |a Costa Rica: elecciones nacionales 2010: |b una mirada a su democracia | ||
| 773 | |g número130 ( , 2010), páginas 117-129 | ||
| 999 | |c 26776 |d 26776 | ||
| 773 | 0 | |0 18728 |9 3017 |a Universidad de Costa Rica |d San José, Costa Rica Editorial UCR 1956- |o 15060 |t Revista de Ciencias Sociales/ |x 04825276 | |
